000
00337nam a2200145Ia 4500
005
20251222141848.0
008
251222s9999||||xx |||||||||||||| ||spa||
020
_a
968-23-2114-X
082
_a
374.1/F83
100
_a
Freire, Paulo
245
0
_a
Cartas a Guinea-Bissau:
250
_a
9a.ed.
264
_b
Siglo Veintiuno
942
_c
LIB
999
_c
7626
_d
7626